| 000 | 00927nam a2200277 i 4500 | ||
|---|---|---|---|
| 001 | bg | ||
| 100 | 1 | _aNĘDZA-KUBINIEC, Halina | |
| 245 | 1 | 0 |
_aWord 6.0 : _bprzewodnik do ćwiczeń laboratoryjnych. Cz.1 / _cHalina Nędza-Kubiniec, Stanisława Plichta ; Politechnika Krakowska im. Tadeusza Kościuszki. |
| 260 |
_aKraków : _bPK, _c1998. |
||
| 300 |
_a77 s. : _brys. ; _c24 cm. |
||
| 490 | 1 | _aInformatyka Stosowana | |
| 504 | _aBibliogr. s. 77. | ||
| 521 | _askrypt dla studentów wyższych szkół technicznych. | ||
| 650 | 9 | _aWord | |
| 655 | _aPodręczniki akademickie | ||
| 700 | 1 | _aPLICHTA, Stanisława | |
| 710 | 0 | _aPolitechnika Krakowska im. Tadeusza Kościuszki | |
| 830 | _aInformatyka Stosowana | ||
| 020 | _a8390387859 (2 cz.) | ||
| 040 | _cBPK | ||
| 041 | 0 | _apl | |
| 080 | _a004.42:004.4'232](075.8) | ||
| 920 | _a83-903878-5-9 (2 cz.) | ||
| 942 | _cKS | ||
| 008 | s pl f |000 0 pol | ||
| 999 |
_c37886 _d37886 |
||